[Event "corr freechess 2012"]
[Site "freechess.de"]
[Date "2012.10.31"]
[Round "?"]
[White "Hertel, Marco"]
[Black "Suhr, Michael"]
[Result "0-1"]
[WhiteElo "1913"]
[BlackElo "1699"]
[PlyCount "70"]
[EventDate "2012.??.??"]
[EventType "tourn (corr)"]
[SourceTitle "OM Corr 202003"]
[Source "Opening Master"]
[SourceDate "2019.05.30"]
[SourceVersion "2"]
[SourceVersionDate "2019.05.30"]
[SourceQuality "1"]

1. e4 e5 2. Nf3 Nc6 3. c3 d5 4. Qa4 dxe4 5. Nxe5 Qd5 6. Nxc6 bxc6 7. Bc4 Qd7 8.
O-O Bd6 9. f3 exf3 10. Rxf3 Nf6 11. d4 O-O 12. Bg5 Ng4 13. h3 Nh2 14. Rf2 h6
15. Bf4 Bxf4 16. Rxf4 Qd6 17. g3 g5 18. Kxh2 gxf4 19. Nd2 fxg3+ 20. Kg2 Qf4 21.
Nf3 Rb8 22. Qc2 Bf5 23. Qc1 Qxc1 24. Rxc1 Rxb2+ 25. Kxg3 Be4 26. Ne5 Bd5 27.
Bd3 Rxa2 28. Kh4 Rb8 29. c4 Bg2 30. Rg1 Rb3 31. Bf5 Re3 32. Kh5 Rf2 33. Bg4 f6
34. Nd7 Kg7 35. Nc5 f5 0-1

[Event "RN-2012-0-00552"]
[Site "Lechenicher SchachServer"]
[Date "2012.10.29"]
[Round "?"]
[White "Bortnicker, Justin"]
[Black "Ventura, Bob"]
[Result "0-1"]
[WhiteElo "808"]
[BlackElo "724"]
[PlyCount "62"]
[EventDate "2012.10.19"]

1. e4 e5 2. Nf3 Nc6 3. c3 Nf6 4. d4 Bd6 5. d5 Nb8 6. Bd3 c6 7. c4 O-O 8. Bg5 h6
9. Bd2 Na6 10. a3 Nc5 11. Qc2 Qb6 12. b4 Nxd3+ 13. Qxd3 c5 14. Be3 Qc7 15. bxc5
Bxc5 16. Bxc5 Qxc5 17. Nxe5 d6 18. Nf3 Ng4 19. O-O a6 20. h3 Nf6 21. e5 dxe5
22. Nxe5 Qd6 23. Re1 Nh7 24. Nc3 f6 25. Ne4 Qxe5 26. f4 Qxf4 27. Rf1 Qe5 28.
Rfe1 Bf5 29. g4 Bg6 30. Ra2 Ng5 31. Qb1 Nf3+ 0-1

[Event "SVK-chT 1213"]
[Site "Slovakia"]
[Date "2012.10.28"]
[Round "2.4"]
[White "Csonka, Attila Istvan"]
[Black "Veres, Andrej"]
[Result "1-0"]
[WhiteElo "2425"]
[BlackElo "2138"]
[PlyCount "73"]
[EventDate "2012.10.27"]
[EventType "team-tourn"]
[EventRounds "11"]
[EventCountry "SVK"]
[SourceTitle "EXT 2013"]
[Source "ChessBase"]
[SourceDate "2012.11.22"]
[SourceVersion "1"]
[SourceVersionDate "2012.11.22"]
[SourceQuality "1"]
[WhiteTeam "Dunajska Streda"]
[BlackTeam "Dubnica nad Vahom"]
[WhiteTeamCountry "SVK"]
[BlackTeamCountry "SVK"]

1. e4 e5 2. Nf3 Nc6 3. c3 Nf6 4. d4 Nxe4 5. d5 Ne7 6. Nxe5 Ng6 7. Nc4 Bc5 8.
Be3 Bxe3 9. Nxe3 Qh4 10. g3 Qe7 11. Nd2 Nxd2 12. Qxd2 d6 13. O-O-O O-O 14. f4
Qe4 15. Bd3 Qa4 16. Kb1 b5 17. h4 b4 18. h5 Ne7 19. Bc2 Qd7 20. Qd4 c5 21. dxc6
Nxc6 22. Qd3 f5 23. Qxd6 Qxd6 24. Rxd6 Bb7 25. Rhd1 bxc3 26. bxc3 Rab8 27. Kc1
Ne7 28. Rd7 Rfe8 29. Bb3+ Kf8 30. h6 Bf3 31. R1d6 Rb6 32. hxg7+ Kxg7 33. Nxf5+
Kf8 34. Rxb6 axb6 35. Rxe7 Rxe7 36. Nxe7 Kxe7 37. Kd2 1-0

[Event "Slovak 4. Liga A21"]
[Site "?"]
[Date "2012.10.28"]
[Round "?"]
[White "Piestansky, Jan"]
[Black "Nemeckay, Dominik"]
[Result "1-0"]
[WhiteElo "1588"]
[BlackElo "1424"]
[PlyCount "61"]
[EventDate "2012.??.??"]
[SourceTitle "OM OTB B 201907"]
[Source "Opening Master"]
[SourceDate "2019.07.06"]
[SourceVersion "2"]
[SourceVersionDate "2019.07.06"]
[SourceQuality "1"]

1. e4 e5 2. Nf3 Nc6 3. c3 Nf6 4. Bd3 Bc5 5. Bc2 d5 6. exd5 Qxd5 7. h3 O-O 8.
O-O e4 9. Nh2 Bf5 10. b4 Bd6 11. f4 Nd8 12. Qe2 Qe6 13. g4 Re8 14. gxf5 Qxf5
15. Ng4 Nh5 16. Rf3 Nc6 17. Re3 Bxf4 18. Bxe4 Bxe3+ 19. Qxe3 Rxe4 20. Qf2 Qxf2+
21. Kxf2 Rf8 22. d4 f5 23. Ne3 Ne7 24. Nd2 Rh4 25. Kg2 f4 26. Ng4 g5 27. Nf3
Nf5 28. Nxh4 Nxh4+ 29. Kf2 Ng3 30. a4 f3 31. Kxg3 1-0

[Event "Belgrade-chT Quality"]
[Site "Belgrade"]
[Date "2012.10.27"]
[Round "5.2"]
[White "Todic, Zoran"]
[Black "Nikolic, Momcilo"]
[Result "1/2-1/2"]
[WhiteElo "2240"]
[BlackElo "2240"]
[PlyCount "76"]
[EventDate "2012.10.13"]
[EventType "team-tourn"]
[EventRounds "11"]
[EventCountry "SRB"]
[SourceTitle "OM OTB B 201907"]
[Source "Opening Master"]
[SourceDate "2019.07.06"]
[SourceVersion "2"]
[SourceVersionDate "2019.07.06"]
[SourceQuality "1"]

1. e4 e5 2. Nf3 Nc6 3. c3 Nf6 4. d3 a5 5. Be2 d5 6. Nbd2 d4 7. a4 h6 8. h3 Be6
9. Qc2 Nd7 10. g4 Be7 11. Nf1 Nc5 12. c4 Nb4 13. Qd1 Bxc4 14. dxc4 d3 15. Ne3
dxe2 16. Kxe2 Ncd3 17. Nd5 Qd6 18. Nxb4 Nxc1+ 19. Qxc1 Qxb4 20. Nxe5 O-O 21.
Nd3 Qb6 22. Qe3 Qe6 23. b3 Rfe8 24. Rad1 Rad8 25. f4 c5 26. Nf2 g5 27. Rxd8
Rxd8 28. Rd1 gxf4 29. Rxd8+ Bxd8 30. Qxf4 Bg5 31. Qf5 Qd6 32. e5 Qd4 33. Qe4
Qb2+ 34. Kf1 Bh4 35. Nd3 Qb1+ 36. Ke2 Qc2+ 37. Kf3 Qd1+ 38. Kg2 Qc2+ 1/2-1/2

[Event "Belgrade-chT Quality"]
[Site "Belgrade"]
[Date "2012.10.27"]
[Round "5.2"]
[White "Vujicic, Mirko"]
[Black "Tosic, Srecko"]
[Result "0-1"]
[WhiteElo "2298"]
[BlackElo "2369"]
[PlyCount "112"]
[EventDate "2012.10.13"]
[EventType "team-tourn"]
[EventRounds "11"]
[EventCountry "SRB"]
[SourceTitle "OM OTB B 201907"]
[Source "Opening Master"]
[SourceDate "2019.07.06"]
[SourceVersion "2"]
[SourceVersionDate "2019.07.06"]
[SourceQuality "1"]

1. e4 e5 2. Nf3 Nc6 3. c3 Nf6 4. d4 exd4 5. e5 Ne4 6. Qe2 f5 7. exf6 d5 8. cxd4
Bb4+ 9. Bd2 O-O 10. Bxb4 Nxb4 11. a3 Nc6 12. Qd1 Qxf6 13. Be2 Bg4 14. O-O Bxf3
15. Bxf3 Nxd4 16. Bxe4 dxe4 17. Nc3 Rad8 18. Qg4 Qb6 19. Nxe4 Qxb2 20. Rab1 Qe2
21. f3 Qe3+ 22. Kh1 b6 23. a4 Qf4 24. Qh3 Qf5 25. Qg3 Rd7 26. Rfe1 Rfd8 27.
Rbc1 c5 28. h3 h6 29. Nc3 Nb3 30. Rb1 c4 31. Qh4 Rd4 32. Qg3 Qf4 33. Qg6 Qf7
34. Qg3 Rd3 35. Qh4 R8d4 36. Qg3 Rxc3 37. Qb8+ Kh7 38. Re8 Rd5 39. Rh8+ Kg6 40.
Qg3+ Rg5 41. Qe1 Nd2 42. Qxd2 Rd3 43. Qe2 Rd4 44. Re1 Rgd5 45. Qc2+ Qf5 46. Qe2
Qd7 47. Qc2+ Kf7 48. Rxh6 Qf5 49. Qxf5+ Rxf5 50. Rc6 Ra5 51. Rc7+ Kf6 52. Rc6+
Kf5 53. Re7 Rxa4 54. Rxg7 Rd5 55. Kh2 Ke5 56. Rg4 Rc5 0-1

[Event "Buenos Aires Duchamp Memorial op 4th"]
[Site "Buenos Aires"]
[Date "2012.10.27"]
[Round "5"]
[White "Herman, Diego"]
[Black "Bitelmajer, Martin"]
[Result "0-1"]
[WhiteElo "2192"]
[BlackElo "2332"]
[PlyCount "63"]
[EventDate "2012.10.22"]
[EventType "swiss"]
[EventRounds "9"]
[EventCountry "ARG"]
[SourceTitle "EXT 2013"]
[Source "ChessBase"]
[SourceDate "2012.11.22"]
[SourceVersion "1"]
[SourceVersionDate "2012.11.22"]
[SourceQuality "1"]

1. e4 e5 2. Nf3 Nc6 3. c3 Nf6 4. d4 d5 5. exd5 Qxd5 6. Nbd2 exd4 7. Bc4 Qh5 8.
cxd4 Be7 9. O-O O-O 10. Re1 Bd6 11. Nf1 Bg4 12. Be2 Rad8 13. h3 Bxf3 14. Bxf3
Qh4 15. Be3 Bb4 16. Bxc6 bxc6 17. Re2 Nd5 18. Qc1 Rd6 19. a3 Ba5 20. Rc2 Nxe3
21. fxe3 Qe4 22. Rf2 f5 23. Qc4+ Qd5 24. Qxd5+ cxd5 25. g3 Bb6 26. Rc1 g5 27.
Kg2 Re6 28. Rc3 f4 29. gxf4 gxf4 30. Rxf4 Rxf4 31. exf4 Re4 32. Kf3 0-1

[Event "corr freechess 2012"]
[Site "freechess.de"]
[Date "2012.10.27"]
[Round "?"]
[White "Priegnitz, Uwe"]
[Black "Goetz, Dirk"]
[Result "0-1"]
[WhiteElo "1304"]
[BlackElo "1543"]
[PlyCount "78"]
[EventDate "2012.??.??"]
[EventType "tourn (corr)"]
[SourceTitle "OM Corr 202003"]
[Source "Opening Master"]
[SourceDate "2019.05.30"]
[SourceVersion "2"]
[SourceVersionDate "2019.05.30"]
[SourceQuality "1"]

1. e4 e5 2. Nf3 Nc6 3. c3 Nf6 4. Qc2 d6 5. h3 h6 6. Be2 Be7 7. O-O O-O 8. d4
exd4 9. cxd4 a6 10. Bd2 Re8 11. d5 Ne5 12. Nc3 Nxf3+ 13. Bxf3 Nh7 14. Rae1 Bg5
15. Ne2 Bxd2 16. Qxd2 Bd7 17. Nf4 Bb5 18. Nd3 Nf6 19. Re3 Nd7 20. b3 Bxd3 21.
Qxd3 Ne5 22. Qd4 Qg5 23. Bd1 Ng6 24. Rg3 Qe5 25. Qc4 Re7 26. Re1 b5 27. Qc2 Nf4
28. Qd2 Nxd5 29. Kf1 Nf6 30. Qxh6 Qxg3 31. Qd2 Qh2 32. Bf3 Rae8 33. Re3 Nxe4
34. Qd3 Qh1+ 35. Ke2 Ng3+ 36. Kd2 Nf1+ 37. Kc2 Nxe3+ 38. fxe3 Rxe3 39. Qd5 Qa1
0-1

[Event "corr freechess 2012"]
[Site "freechess.de"]
[Date "2012.10.26"]
[Round "?"]
[White "Beneke, Stefan"]
[Black "Vogt, Ingeborg"]
[Result "0-1"]
[WhiteElo "1531"]
[BlackElo "1840"]
[PlyCount "62"]
[EventDate "2012.??.??"]
[EventType "tourn (corr)"]
[SourceTitle "OM Corr 202003"]
[Source "Opening Master"]
[SourceDate "2019.05.30"]
[SourceVersion "2"]
[SourceVersionDate "2019.05.30"]
[SourceQuality "1"]

1. e4 e5 2. Nf3 Nc6 3. c3 d5 4. Bb5 dxe4 5. Bxc6+ bxc6 6. Nxe5 Qg5 7. d4 Qxg2
8. Rf1 Bh3 9. Nd2 Bd6 10. Qe2 Nf6 11. f3 Qxe2+ 12. Kxe2 Bxf1+ 13. Nxf1 Bxe5 14.
dxe5 exf3+ 15. Kxf3 Nd7 16. Bf4 O-O 17. Ng3 Rfe8 18. Rg1 Nxe5+ 19. Kg2 Nd3 20.
Bc1 Re1 21. Rxe1 Nxe1+ 22. Kf1 Nd3 23. Ne2 Rd8 24. Be3 Nxb2 25. Nd4 Nd1 26. Bf4
c5 27. Nb5 c4 28. Ke2 a6 29. Bxc7 Rd7 30. a4 axb5 31. axb5 Nxc3+ 0-1

[Event "Asker høst"]
[Site "Asker"]
[Date "2012.10.22"]
[Round "6"]
[White "Roholdt, Njaal"]
[Black "Ødegaard, Per"]
[Result "1-0"]
[WhiteElo "1488"]
[BlackElo "1699"]
[PlyCount "56"]
[EventDate "2012.??.??"]

1. e4 e5 2. Nf3 Nc6 3. c3 Nf6 4. d4 exd4 5. e5 Nd5 6. cxd4 Bb4+ 7. Bd2 Bxd2+ 8.
Nbxd2 d6 9. Bc4 dxe5 10. dxe5 O-O 11. O-O Bg4 12. Ne4 Nb6 13. Qxd8 Raxd8 14.
Bb5 Nd4 15. Nxd4 Rxd4 16. f3 Rd5 17. Nc3 Bd7 18. Nxd5 Bxb5 19. Ne7+ Kh8 20.
Rfd1 Re8 21. Nd5 Nxd5 22. Rxd5 Bc6 23. Rc5 Rd8 24. b4 a6 25. a4 g6 26. b5 axb5
27. axb5 Rd5 28. Rac1 Be8 1-0

[Event "Liberec op 13th"]
[Site "Liberec"]
[Date "2012.10.22"]
[Round "3"]
[White "Schoeppe, Christian"]
[Black "Dadello, Barbara"]
[Result "1-0"]
[WhiteElo "1680"]
[BlackElo "1128"]
[PlyCount "109"]
[EventDate "2012.10.20"]
[EventType "swiss"]
[EventRounds "9"]
[EventCountry "CZE"]
[SourceTitle "EXT 2013"]
[Source "ChessBase"]
[SourceDate "2012.11.22"]
[SourceVersion "1"]
[SourceVersionDate "2012.11.22"]
[SourceQuality "1"]

1. Nf3 Nc6 2. e4 e5 3. c3 Nf6 4. Qc2 Bc5 5. b4 Bb6 6. Bb5 d6 7. Bxc6+ bxc6 8.
h3 O-O 9. O-O Qe7 10. d3 h6 11. Re1 Be6 12. d4 exd4 13. cxd4 Qd7 14. Kh2 a5 15.
bxa5 Rxa5 16. e5 Nd5 17. Bd2 Bf5 18. Qc1 Ra6 19. exd6 cxd6 20. a3 Ra4 21. Nc3
Rc4 22. Qb2 Bxd4 23. Nxd4 Rxd4 24. Nxd5 Rxd5 25. Re3 Re8 26. Rg3 g5 27. Bc3 Rb5
28. Qd2 Qe6 29. Re3 Qd7 30. Rxe8+ Qxe8 31. Qxd6 Qb8 32. Qxb8+ Rxb8 33. a4 Bd3
34. Rd1 Ba6 35. Rd6 Rc8 36. Rxh6 Kf8 37. Rh5 Ke7 38. Rxg5 Rb8 39. Ra5 Bb7 40.
Ra7 Ke6 41. Bd2 Bc8 42. Bf4 Rb6 43. a5 Rb5 44. g4 Rb4 45. Be3 Rb5 46. Kg3 Bd7
47. h4 Bc8 48. h5 Rc5 49. Bxc5 Bd7 50. a6 Bc8 51. Re7+ Kf6 52. a7 Kg7 53. a8=Q
Be6 54. Bd4+ Kh7 55. Qh8# 1-0

[Event "CRO-chT2 Centar"]
[Site "Zagreb"]
[Date "2012.10.21"]
[Round "9.54"]
[White "Matic, Zeljko"]
[Black "Rubil, Marko"]
[Result "1/2-1/2"]
[WhiteElo "2212"]
[BlackElo "2177"]
[PlyCount "64"]
[EventDate "2012.03.18"]
[EventType "team-tourn"]
[EventRounds "11"]
[EventCountry "CRO"]
[SourceTitle "OM OTB B 201907"]
[Source "Opening Master"]
[SourceDate "2019.07.06"]
[SourceVersion "2"]
[SourceVersionDate "2019.07.06"]
[SourceQuality "1"]

1. e4 e5 2. Nf3 Nc6 3. c3 d5 4. Qa4 f6 5. d3 Be6 6. Nbd2 Qd7 7. b4 d4 8. cxd4
Nxb4 9. Qxd7+ Bxd7 10. Kd1 exd4 11. Nxd4 O-O-O 12. N4b3 Ba4 13. Ba3 Nh6 14.
Bxb4 Bxb4 15. Be2 Rhe8 16. f3 f5 17. Kc2 Bxd2 18. Kxd2 fxe4 19. fxe4 Rxe4 20.
Nc5 Rc4 21. Rac1 Rxc1 22. Rxc1 Bc6 23. Rf1 Re8 24. g4 b6 25. g5 bxc5 26. gxh6
gxh6 27. Rf5 Kb7 28. Rxc5 Re6 29. d4 Be8 30. Rc3 Bg6 31. Bf3+ Kb8 32. Bc6 Kc8
1/2-1/2

[Event "AUT-chT2M 1213"]
[Site "Austria"]
[Date "2012.10.21"]
[Round "3.4"]
[White "Kranzl, Peter"]
[Black "Hartl, Daniel"]
[Result "0-1"]
[WhiteElo "2239"]
[BlackElo "2275"]
[PlyCount "46"]
[EventDate "2012.10.19"]
[EventType "team-tourn"]
[EventRounds "11"]
[EventCountry "AUT"]
[SourceTitle "EXT 2013"]
[Source "ChessBase"]
[SourceDate "2012.11.22"]
[SourceVersion "1"]
[SourceVersionDate "2012.11.22"]
[SourceQuality "1"]
[WhiteTeam "St Valentin"]
[BlackTeam "Maria Saal"]
[WhiteTeamCountry "AUT"]
[BlackTeamCountry "AUT"]

1. e4 e5 2. Nf3 Nc6 3. c3 d5 4. Qa4 Bd7 5. exd5 Nd4 6. Qd1 Nxf3+ 7. Qxf3 Nf6 8.
Bc4 e4 9. Qe2 Bd6 10. d4 h6 11. h3 O-O 12. O-O Qe7 13. Re1 Rae8 14. Bb3 Nh7 15.
c4 b6 16. Nc3 Kh8 17. Qh5 f5 18. f4 g5 19. fxg5 hxg5 20. Kh1 Qg7 21. Qd1 g4 22.
hxg4 Ng5 23. Kg1 Qh6 0-1

[Event "Regionalliga Mittelrhein 1213"]
[Site "Germany"]
[Date "2012.10.21"]
[Round "3.2"]
[White "Brandt, Sebastian"]
[Black "Goossens, Etienne"]
[Result "1-0"]
[WhiteElo "2116"]
[BlackElo "2211"]
[PlyCount "59"]
[EventDate "2012.09.09"]
[EventType "team"]
[EventRounds "11"]
[EventCountry "GER"]
[SourceTitle "EXT 2015"]
[Source "ChessBase"]
[SourceDate "2014.11.20"]
[SourceVersion "1"]
[SourceVersionDate "2014.11.20"]
[SourceQuality "1"]
[WhiteTeam "Godesberg IV"]
[BlackTeam "Wuerselen"]
[WhiteTeamCountry "GER"]
[BlackTeamCountry "GER"]

1. e4 e5 2. Nf3 Nc6 3. c3 d5 4. Qa4 Bd7 5. exd5 Nd4 6. Qd1 Nxf3+ 7. Qxf3 Nf6 8.
Bc4 e4 9. Qe2 Be7 10. d3 b5 11. Bb3 exd3 12. Qxd3 O-O 13. O-O Bd6 14. Nd2 Qe7
15. Nf3 Ne4 16. Re1 f5 17. Bf4 Rae8 18. Nd4 Qh4 19. g3 Nxf2 20. Rxe8 Rxe8 21.
Qf1 Nh3+ 22. Kh1 Qh5 23. Bd1 Qf7 24. Bxd6 f4 25. Bxf4 g5 26. Bb3 Qg6 27. Bc2
Qf7 28. Bd2 Qxd5+ 29. Qf3 Bc6 30. Bb3 1-0

[Event "Hrdonov Fontana op"]
[Site "Hrdonov"]
[Date "2012.10.21"]
[Round "2"]
[White "Sladek, Jaroslav"]
[Black "Sebo, Igor"]
[Result "1-0"]
[WhiteElo "2005"]
[BlackElo "1691"]
[PlyCount "93"]
[EventDate "2012.10.20"]
[EventType "swiss"]
[EventRounds "9"]
[EventCountry "CZE"]
[SourceTitle "CBM 151 Extra"]
[Source "ChessBase"]
[SourceDate "2012.12.18"]
[SourceVersion "1"]
[SourceVersionDate "2012.12.18"]
[SourceQuality "1"]

1. e4 e5 2. Nf3 Nc6 3. c3 Nf6 4. d4 exd4 5. e5 Nd5 6. cxd4 Bb4+ 7. Bd2 Bxd2+ 8.
Qxd2 d6 9. Nc3 Nxc3 10. Qxc3 dxe5 11. dxe5 O-O 12. Bb5 Bd7 13. O-O Re8 14. Rfe1
a6 15. Bc4 Be6 16. Re3 Bxc4 17. Qxc4 Re6 18. Rae1 Qe7 19. a3 Rd8 20. b4 h6 21.
g3 Qd7 22. Nh4 Qd5 23. Qxd5 Rxd5 24. f4 a5 25. bxa5 Rxa5 26. Nf3 g6 27. Rb1 b6
28. Rc3 Ra6 29. Rbc1 b5 30. Nd2 Nd4 31. Kf1 Rec6 32. Ne4 Rxc3 33. Rxc3 Rc6 34.
Nf6+ Kf8 35. Rxc6 Nxc6 36. Nd5 Nd4 37. Nxc7 Ke7 38. Nd5+ Ke6 39. Nc3 g5 40. Kf2
Kf5 41. Nd5 Nc2 42. Ne3+ Nxe3 43. Kxe3 h5 44. Kf3 f6 45. exf6 Kxf6 46. Ke4 h4
47. fxg5+ 1-0

[Event "Maresme op 9th"]
[Site "Maresme"]
[Date "2012.10.20"]
[Round "4"]
[White "Maynat Anglas, Josep"]
[Black "Perea Cano, Javier"]
[Result "1-0"]
[WhiteElo "1833"]
[BlackElo "1766"]
[PlyCount "109"]
[EventDate "2012.09.29"]
[EventType "swiss"]
[EventRounds "9"]
[EventCountry "ESP"]
[SourceTitle "EXT 2014"]
[Source "ChessBase"]
[SourceDate "2013.11.20"]
[SourceVersion "1"]
[SourceVersionDate "2013.11.20"]
[SourceQuality "1"]

1. e4 e5 2. Nf3 Nc6 3. c3 Nf6 4. Qc2 d5 5. d3 dxe4 6. dxe4 Bg4 7. Be2 Bc5 8.
O-O O-O 9. Bg5 Be7 10. Nbd2 Ne8 11. Bxe7 Qxe7 12. h3 Be6 13. Nh2 Nf6 14. Rfd1
Rad8 15. Ndf1 Rxd1 16. Qxd1 Nxe4 17. Bf3 Nf6 18. Bxc6 bxc6 19. Ne3 Rd8 20. Qe2
h6 21. Neg4 Nxg4 22. Nxg4 Bxg4 23. hxg4 Qd6 24. Re1 f6 25. b4 Qd2 26. Qc4+ Kh8
27. Rf1 Qd6 28. a4 Qd5 29. Qa6 Ra8 30. Qb7 Rd8 31. Qxa7 Qd7 32. a5 Qxg4 33.
Qxc7 Qd7 34. Qxd7 Rxd7 35. a6 Ra7 36. Ra1 Kg8 37. c4 Kf7 38. b5 Ra8 39. b6 Ke7
40. b7 Rb8 41. a7 Rxb7 42. a8=Q Rc7 43. Qg8 Rd7 44. c5 e4 45. Qxg7+ Ke6 46.
Qg4+ f5 47. Qg6+ Ke5 48. Qxh6 f4 49. Qg5+ Ke6 50. Qxf4 Rd4 51. Ra6 Kd5 52. Qd6+
Kc4 53. Ra4+ Kb5 54. Qxd4 e3 55. Qc4# 1-0

[Event "RN-2012-0-00548"]
[Site "Lechenicher SchachServer"]
[Date "2012.10.19"]
[Round "?"]
[White "Bortnicker, Justin"]
[Black "Cherry, Brian"]
[Result "0-1"]
[WhiteElo "808"]
[BlackElo "686"]
[PlyCount "32"]
[EventDate "2012.10.14"]

1. e4 e5 2. Nf3 Nc6 3. c3 Nf6 4. d4 Nxe4 5. d5 Bc5 6. Be3 Bxe3 7. fxe3 Na5 8.
b4 Nc6 9. dxc6 bxc6 10. Nxe5 Qf6 11. Ng4 Qh4+ 12. g3 Nxg3 13. Qf3 Nxh1+ 14. Kd1
d5 15. Ne5 f6 16. Nxc6 Bg4 0-1

[Event "RN-2012-0-00548"]
[Site "Lechenicher SchachServer"]
[Date "2012.10.19"]
[Round "?"]
[White "Cherry, Brian"]
[Black "Ventura, Bob"]
[Result "0-1"]
[WhiteElo "686"]
[BlackElo "724"]
[PlyCount "66"]
[EventDate "2012.10.14"]

1. e4 e5 2. Nf3 Nc6 3. c3 d5 4. Bb5 dxe4 5. Bxc6+ bxc6 6. Nxe5 Bb7 7. O-O f5 8.
Qh5+ g6 9. Nxg6 hxg6 10. Qxg6+ Kd7 11. Qxf5+ Ke8 12. Qxe4+ Qe7 13. Qxe7+ Nxe7
14. Re1 Kd7 15. d4 Re8 16. Be3 Nd5 17. Nd2 Bd6 18. g3 Nf6 19. f3 Rh3 20. Bg5
Nh5 21. Nf1 Rg8 22. Bh4 Rxh4 23. Kf2 Rh3 24. Kg2 Nf4+ 25. Kh1 Nd3 26. Re2 c5
27. Nd2 Bxg3 28. Rg1 Nf2+ 29. Rxf2 Bd5 30. Rfg2 Bf4 31. Ne4 Rxg2 32. Rxg2 Rxf3
33. Nxc5+ Ke7 0-1

[Event "RN-2012-0-00547"]
[Site "Lechenicher SchachServer"]
[Date "2012.10.19"]
[Round "?"]
[White "Bortnicker, Justin"]
[Black "Ventura, Bob"]
[Result "0-1"]
[WhiteElo "808"]
[BlackElo "724"]
[PlyCount "54"]
[EventDate "2012.10.10"]

1. e4 e5 2. Nf3 Nc6 3. c3 a6 4. d4 exd4 5. cxd4 Bb4+ 6. Nc3 Qe7 7. Bd3 d6 8.
O-O Bg4 9. Bd2 Bxc3 10. bxc3 O-O-O 11. d5 Ne5 12. Be2 Nf6 13. Bg5 h6 14. Bxf6
Qxf6 15. Nxe5 Bxe2 16. Qxe2 Qxe5 17. Rfc1 Rhe8 18. f3 f5 19. c4 fxe4 20. fxe4
Qd4+ 21. Kh1 Rxe4 22. Qf3 Rde8 23. h3 Rf4 24. Qg3 g5 25. a3 Re3 26. Qh2 Qe4 27.
Qg1 Rxh3+ 0-1

[Event "Karelian Autumn"]
[Site "Petrozavodsk"]
[Date "2012.10.18"]
[Round "7"]
[White "Velikodvorskaya, Regina"]
[Black "Baganov, Dmitry"]
[Result "0-1"]
[WhiteElo "1703"]
[BlackElo "1899"]
[PlyCount "48"]
[EventDate "2012.10.14"]
[EventType "swiss"]
[EventRounds "9"]
[EventCountry "RUS"]
[SourceTitle "EXT 2013"]
[Source "ChessBase"]
[SourceDate "2012.11.22"]
[SourceVersion "1"]
[SourceVersionDate "2012.11.22"]
[SourceQuality "1"]

1. e4 e5 2. Nf3 Nc6 3. c3 d5 4. Bb5 dxe4 5. Bxc6+ bxc6 6. Nxe5 Qg5 7. d4 Qxg2
8. Rf1 f6 9. Nc4 Bh3 10. Ne3 Qg6 11. Rh1 f5 12. Nf1 Qg2 13. Ng3 Bd6 14. Qh5+ g6
15. Qh4 Bxg3 16. Qxg3 Qxh1+ 17. Kd2 e3+ 18. Kc2 Qe4+ 19. Kd1 Bg4+ 20. f3 Bxf3+
21. Ke1 Ne7 22. Qe5 Qxe5 23. dxe5 f4 24. Na3 O-O-O 0-1

[Event "SVK-chT2C 1213"]
[Site "Slovakia"]
[Date "2012.10.14"]
[Round "2.8"]
[White "Borgula, Ivan"]
[Black "Zatko, Pavol"]
[Result "1-0"]
[WhiteElo "1875"]
[BlackElo "1663"]
[PlyCount "75"]
[EventDate "2012.10.13"]
[EventType "team-tourn"]
[EventRounds "11"]
[EventCountry "SVK"]
[SourceTitle "EXT 2015"]
[Source "ChessBase"]
[SourceDate "2014.11.20"]
[SourceVersion "1"]
[SourceVersionDate "2014.11.20"]
[SourceQuality "1"]
[WhiteTeam "Banska Bystrica Veza"]
[BlackTeam "Detva Podpolanie"]
[WhiteTeamCountry "SVK"]
[BlackTeamCountry "SVK"]

1. e4 e5 2. Nf3 Nc6 3. c3 d5 4. d3 dxe4 5. dxe4 Qxd1+ 6. Kxd1 Nf6 7. Bd3 Bg4 8.
Ke2 O-O-O 9. h3 Bh5 10. g4 Bg6 11. Nfd2 Bc5 12. f3 Rd6 13. Nc4 Rd7 14. b4 Rhd8
15. Bc2 Bd6 16. a4 Ne8 17. Be3 a6 18. b5 Nb8 19. Nbd2 f6 20. Nxd6+ Nxd6 21. Bb3
Bf7 22. c4 b6 23. Rhc1 Nb7 24. c5 Rxd2+ 25. Bxd2 Bxb3 26. cxb6 Rd7 27. Rc3 axb5
28. Rxb3 bxa4 29. Rc3 Kd8 30. Rxa4 c5 31. Ra8 Kc8 32. Be3 Rd6 33. Bxc5 Nxc5 34.
Rxc5+ Kb7 35. Rca5 Rxb6 36. R5a7+ Kc6 37. Rxg7 Nd7 38. Rc8+ 1-0

[Event "CZE-chT2F 1213"]
[Site "Czechia"]
[Date "2012.10.14"]
[Round "1.37"]
[White "Kasik, Jiri"]
[Black "Vlachopulos, Georgis"]
[Result "0-1"]
[WhiteElo "2033"]
[BlackElo "1981"]
[PlyCount "98"]
[EventDate "2012.10.14"]
[EventType "team-tourn"]
[EventRounds "11"]
[EventCountry "CZE"]
[SourceTitle "EXT 2016"]
[Source "ChessBase"]
[SourceDate "2015.10.10"]
[SourceVersion "1"]
[SourceVersionDate "2015.10.10"]
[SourceQuality "1"]
[WhiteTeam "Kromeriz Slavia II"]
[BlackTeam "Mesto Albrechtice"]
[WhiteTeamCountry "CZE"]
[BlackTeamCountry "CZE"]

1. e4 e5 2. Nf3 Nc6 3. c3 d5 4. Qa4 f6 5. Bb5 Qd6 6. exd5 Qxd5 7. O-O Bd7 8. d4
a6 9. Bc4 Qd6 10. Qc2 Nge7 11. dxe5 Nxe5 12. Nxe5 Qxe5 13. Qb3 O-O-O 14. Bd2
Nc6 15. Re1 Qf5 16. Qd1 Ne5 17. Bf1 Bd6 18. h3 h5 19. Be3 Bc6 20. Qe2 Rhe8 21.
Nd2 Nd3 22. Nc4 Nxe1 23. Nxd6+ Rxd6 24. Qxe1 g5 25. Qc1 g4 26. h4 g3 27. fxg3
Rde6 28. Bf2 Re5 29. Qf4 Qc2 30. Qc1 Qg6 31. Qd2 Rd8 32. Qf4 Re4 33. Qc1 Qf5
34. Qc2 Qd5 35. Bd4 Rde8 36. Qb3 Qd6 37. Bf2 Qe7 38. Rd1 Ba4 39. Qd5 Bxd1 40.
Qxd1 Re5 41. Qd4 c5 42. Qf4 Qe6 43. Bc4 Qd6 44. Kh2 Re4 45. Qf5+ Kc7 46. Bxc5
Rxh4+ 47. Kg1 Qxg3 48. Bf2 Qh2+ 49. Kf1 Rxc4 0-1

[Event "Tingo Maria op 5th"]
[Site "Tingo Maria"]
[Date "2012.10.13"]
[Round "4"]
[White "Inga Valenzuela, Jhon Emerson"]
[Black "Altamirano Porras, Ricardo Enrique"]
[Result "0-1"]
[WhiteElo "1932"]
[BlackElo "2019"]
[PlyCount "50"]
[EventDate "2012.10.12"]
[EventType "swiss"]
[EventRounds "7"]
[EventCountry "PER"]
[SourceTitle "EXT 2013"]
[Source "ChessBase"]
[SourceDate "2012.11.22"]
[SourceVersion "1"]
[SourceVersionDate "2012.11.22"]
[SourceQuality "1"]

1. e4 e5 2. Nf3 Nc6 3. c3 d5 4. exd5 Qxd5 5. d3 Bf5 6. Be2 O-O-O 7. c4 Bb4+ 8.
Nc3 Qd7 9. O-O Bxc3 10. bxc3 Bxd3 11. Bxd3 Qxd3 12. Qb3 f6 13. Be3 Nge7 14.
Rab1 Na5 15. Qa4 Nec6 16. Nd2 f5 17. Bg5 Rd7 18. Nf3 Qxc4 19. Qa3 b6 20. Rfe1
h6 21. Bc1 Re8 22. Nd2 Qd3 23. Qb2 e4 24. Re3 Qd5 25. c4 Nxc4 0-1